[Event "Unive Open"]
[Site "Hoogeveen NED"]
[Date "2010.10.28"]
[Round "7"]
[White "Van Der Veen, Jan"]
[Black "Sekandar, Kambiz"]
[Result "1/2-1/2"]
[WhiteElo "2131"]
[BlackElo "1877"]
[WhiteFideId "1005570"]
[BlackFideId "11700939"]
[EventDate "2010.10.22"]

1. e4 e5 2. Nc3 Nc6 3. g3 Nf6 4. Bg2 Bc5 5. d3 d6 6. Nf3 Be6 7. h3 Qd7 8. Ng5
O-O-O 9. O-O d5 10. Nxe6 fxe6 11. Bg5 h6 12. Bxf6 gxf6 13. exd5 exd5 14. Nxd5 f5
15. Kh2 Qe6 16. Ne3 e4 17. Qh5 exd3 18. cxd3 Nd4 19. Rac1 Bd6 20. Nc4 Rhg8 21.
f4 c6 22. Rce1 Qf6 23. Ne5 Bc7 24. a3 Qg7 25. g4 Kb8 26. Nf7 Rdf8 27. Nxh6 Rh8
28. g5 Qd7 29. Kh1 1/2-1/2

[Event "Unive Open"]
[Site "Hoogeveen NED"]
[Date "2010.10.28"]
[Round "7"]
[White "Klapwijk, Bram"]
[Black "Zuiderweg, Edwin"]
[Result "0-1"]
[WhiteElo "2022"]
[BlackElo "2044"]
[WhiteFideId "1009133"]
[BlackFideId "1012207"]
[EventDate "2010.10.22"]

1. e4 d5 2. exd5 Nf6 3. c4 c6 4. d4 cxd5 5. Nc3 e6 6. Nf3 Nc6 7. c5 Ne4 8. Bd3
f5 9. Bf4 Be7 10. Nb5 O-O 11. Bc7 Qe8 12. Ne5 Bd7 13. Bd6 Nxe5 14. Nc7 Nxd3+ 15.
Qxd3 Qf7 16. Bxe7 Qxe7 17. Nxa8 Rxa8 18. O-O f4 19. f3 Ng3 20. Rfe1 Qh4 21. a4
Nf5 22. b4 Qf6 23. Re5 a6 24. Rae1 Ne3 25. g3 g5 26. gxf4 gxf4 27. Kh1 Kh8 28.
Rg1 Rg8 29. Qxh7+ Kxh7 30. Rh5+ Qh6 31. Rxh6+ Kxh6 32. Rxg8 Bxa4 33. Rf8 Nf5 34.
Rf6+ Kg5 35. Rxe6 Bc6 36. Re5 Kf6 37. Kg2 Nxd4 38. Re1 Nf5 39. Kf2 d4 40. Rd1
Ke5 41. Re1+ Ne3 42. Ke2 Bb5+ 43. Kd2 d3 44. Rxe3+ fxe3+ 45. Kxe3 Kd5 46. h4 Kc4
47. h5 Be8 0-1

[Event "Unive Open"]
[Site "Hoogeveen NED"]
[Date "2010.10.28"]
[Round "7"]
[White "Lommers, Frank"]
[Black "Poelstra, Ben"]
[Result "1-0"]
[WhiteElo "2191"]
[BlackElo "2148"]
[WhiteFideId "1010107"]
[BlackFideId "1018604"]
[EventDate "2010.10.22"]

1. c4 Nf6 2. g3 e6 3. Bg2 d5 4. Nf3 Be7 5. O-O O-O 6. Qc2 c5 7. d4 cxd4 8. Nxd4
Nc6 9. Nxc6 bxc6 10. b3 Qb6 11. Nd2 Bb7 12. Bb2 c5 13. cxd5 exd5 14. e3 Rac8 15.
Rac1 Rfd8 16. Rfd1 Qe6 17. Bc3 h5 18. h4 Ng4 19. Re1 Ne5 20. Nc4 Ng4 21. Nd2 Bc6
22. Nf3 f6 23. Ba5 Rd7 24. b4 Qe4 25. Qb2 Rb7 26. Qd2 Qf5 27. bxc5 Ne5 28. Nd4
Qg4 29. Nxc6 Nxc6 30. Qxd5+ Kh8 31. Bf3 Qg6 32. Be4 f5 33. Bxf5 Rd8 34. Bxd8 1-0

[Event "Unive Open"]
[Site "Hoogeveen NED"]
[Date "2010.10.29"]
[Round "8"]
[White "Vocaturo, Daniele"]
[Black "Kempinski, Robert"]
[Result "1/2-1/2"]
[WhiteTitle "GM"]
[BlackTitle "GM"]
[WhiteElo "2581"]
[BlackElo "2615"]
[WhiteFideId "813192"]
[BlackFideId "1105663"]
[EventDate "2010.10.22"]

1. e4 c5 2. Nf3 d6 3. d4 cxd4 4. Nxd4 Nf6 5. Nc3 e6 6. Be3 Be7 7. Be2 Nc6 8. Qd2
Nxd4 9. Bxd4 Bd7 10. f4 Bc6 11. Bf3 O-O 12. O-O-O Nd7 13. Kb1 b5 14. e5 d5 15.
g4 Qc7 16. Qe3 Nb6 17. b3 Rfc8 18. f5 b4 19. Ne2 Bd7 20. f6 Qxc2+ 21. Ka1 gxf6
22. exf6 Bd6 23. Rd3 Bb5 24. Qh6 Bf8 25. Qg5+ Kh8 26. Rd2 Qg6 27. h4 Qxg5 28.
hxg5 Bd6 29. g6 fxg6 30. f7+ e5 31. Bb2 Bxe2 32. Bxd5 Nxd5 33. Rxd5 Bf8 34. Rxe5
Bg7 35. Rxe2 Bxb2+ 36. Kxb2 Rf8 37. Re7 Kg7 38. Rf1 a5 39. g5 Rad8 40. Re5 Rd2+
41. Kb1 Rxf7 42. Rxf7+ Kxf7 43. Rxa5 Rg2 1/2-1/2

[Event "Unive Open"]
[Site "Hoogeveen NED"]
[Date "2010.10.29"]
[Round "8"]
[White "Haslinger, Stewart G"]
[Black "Perez Candelario, Manuel"]
[Result "1/2-1/2"]
[WhiteTitle "GM"]
[BlackTitle "IM"]
[WhiteElo "2543"]
[BlackElo "2526"]
[WhiteFideId "405248"]
[BlackFideId "2210622"]
[EventDate "2010.10.22"]

1. e4 e5 2. Nf3 Nc6 3. Nc3 Nf6 4. Bb5 Bd6 5. d3 h6 6. a3 a6 7. Bc4 b5 8. Ba2 Bb7
9. h3 Ne7 10. Be3 Ng6 11. O-O O-O 12. Qd2 Re8 13. Nh2 Bf8 14. Ng4 Nxg4 15. hxg4
c6 16. g5 hxg5 17. Bxg5 Be7 18. Bxe7 Qxe7 19. Rae1 1/2-1/2

[Event "Unive Open"]
[Site "Hoogeveen NED"]
[Date "2010.10.29"]
[Round "8"]
[White "L'Ami, Erwin"]
[Black "Stella, Andrea"]
[Result "1-0"]
[WhiteTitle "GM"]
[BlackTitle "FM"]
[WhiteElo "2624"]
[BlackElo "2334"]
[WhiteFideId "1007998"]
[BlackFideId "827061"]
[EventDate "2010.10.22"]

1. d4 e6 2. c4 Nf6 3. g3 c5 4. d5 exd5 5. cxd5 b5 6. e4 Nxe4 7. Qe2 Qe7 8. Bg2
f5 9. Nh3 b4 10. O-O Ba6 11. Qc2 Bxf1 12. Kxf1 g6 13. Nd2 Bg7 14. Nxe4 fxe4 15.
d6 Qxd6 16. Qxe4+ Kf8 17. Bf4 1-0

[Event "Unive Open"]
[Site "Hoogeveen NED"]
[Date "2010.10.29"]
[Round "8"]
[White "Moskalenko, Viktor"]
[Black "Bonafede, Alessandro"]
[Result "0-1"]
[WhiteTitle "GM"]
[BlackTitle "FM"]
[WhiteElo "2580"]
[BlackElo "2280"]
[WhiteFideId "14100100"]
[BlackFideId "813826"]
[EventDate "2010.10.22"]

1. d4 f5 2. Bg5 g6 3. Nc3 Bg7 4. h4 h6 5. Bf4 Nf6 6. e3 d6 7. Qf3 O-O 8. O-O-O
Qe8 9. Bc4+ e6 10. a3 Nc6 11. Nge2 Bd7 12. Ba2 a5 13. e4 Nb4 14. e5 Nxa2+ 15.
Nxa2 Bc6 16. Qg3 Nh5 17. Qe3 Qf7 18. Nac3 b5 19. exd6 b4 20. Nb1 cxd6 21. Bxd6
f4 22. Qd2 f3 23. gxf3 Rfd8 24. Bc5 Bxf3 25. Rhg1 e5 26. Qd3 exd4 27. Nd2 Bxe2
28. Qxe2 d3 29. Qe4 dxc2 30. Qxc2 bxa3 31. Kb1 Rdc8 32. Ne4 Rab8 33. Nd6 a2+ 34.
Ka1 Rxb2 35. Qxb2 Bxb2+ 36. Kxb2 Qf6+ 37. Bd4 Qxd6 38. Kxa2 Rc4 39. Bb2 Qe6 0-1

[Event "Unive Open"]
[Site "Hoogeveen NED"]
[Date "2010.10.29"]
[Round "8"]
[White "Sengupta, Deep"]
[Black "Rombaldoni, Axel"]
[Result "0-1"]
[WhiteTitle "GM"]
[BlackTitle "IM"]
[WhiteElo "2558"]
[BlackElo "2453"]
[WhiteFideId "5008352"]
[BlackFideId "815837"]
[EventDate "2010.10.22"]

1. e4 c5 2. Nf3 d6 3. d4 cxd4 4. Nxd4 Nf6 5. Nc3 Bd7 6. Bg5 e6 7. Ndb5 Bc6 8.
Bxf6 gxf6 9. Qh5 a6 10. Nd4 Bd7 11. Bd3 Nc6 12. Nb3 b5 13. O-O Ne5 14. f4 Nxd3
15. cxd3 b4 16. Nd1 Qb6+ 17. Nf2 a5 18. Rac1 Bg7 19. Nd2 O-O 20. f5 Rac8 21. Nc4
Qd4 22. fxe6 fxe6 23. Qxa5 f5 24. Rce1 Bc6 25. b3 fxe4 26. dxe4 Ra8 27. Qg5 Rxa2
28. Ne3 Qf6 29. Qxf6 Bxf6 30. Rd1 Bb5 31. Nc4 Bxc4 32. bxc4 b3 33. Kh1 Be5 34.
Nd3 Rxf1+ 35. Rxf1 b2 0-1

[Event "Unive Open"]
[Site "Hoogeveen NED"]
[Date "2010.10.29"]
[Round "8"]
[White "Pavlovic, Milos"]
[Black "Ulibin, Mikhail"]
[Result "0-1"]
[WhiteTitle "GM"]
[BlackTitle "GM"]
[WhiteElo "2531"]
[BlackElo "2544"]
[WhiteFideId "900389"]
[BlackFideId "4101405"]
[EventDate "2010.10.22"]

1. d4 e6 2. g3 f5 3. Bg2 Nf6 4. Nh3 d5 5. c4 c6 6. Qc2 Bd6 7. O-O O-O 8. Nc3
dxc4 9. Ng5 Na6 10. e4 e5 11. Qe2 exd4 12. Qxc4+ Kh8 13. Ne2 fxe4 14. Nf7+ Rxf7
15. Qxf7 Nc5 16. Nxd4 Be5 17. Be3 Bxd4 18. Bxd4 Qxd4 19. Qf8+ Ng8 20. Rfe1 Nd7
21. Qa3 Qc5 22. b4 Qb6 23. Rxe4 Ndf6 24. Ree1 Bg4 25. h3 Bh5 26. Qc3 Rd8 27. a4
a6 28. a5 Qc7 29. Qc5 Qd7 30. Ra2 Bf7 31. Rae2 Bd5 32. Bf1 Qf5 33. Re3 h6 34.
Qd4 Rf8 35. f4 Qc2 36. R1e2 Qg6 37. Kh2 Qh5 38. Kg1 Rf7 39. Rd2 Rd7 40. Qe5 Qf7
41. Qb8 Re7 42. Rde2 Re4 43. Qd6 Rc4 44. g4 Qd7 45. Qf8 Bf7 46. Rf2 Rc1 47. Qb8
Qd4 48. Qe5 Qxb4 49. g5 hxg5 50. fxg5 Rc5 51. Qg3 Nh5 52. Qg4 Qxa5 53. h4 Bg6
54. Qe6 Qb4 0-1

[Event "Unive Open"]
[Site "Hoogeveen NED"]
[Date "2010.10.29"]
[Round "8"]
[White "Nyzhnyk, Illya"]
[Black "Ducarmon, Quinten"]
[Result "1-0"]
[WhiteTitle "IM"]
[WhiteElo "2538"]
[BlackElo "2243"]
[WhiteFideId "14118084"]
[BlackFideId "1025007"]
[EventDate "2010.10.22"]

1. d4 Nf6 2. c4 e6 3. Nf3 b6 4. g3 Ba6 5. Qa4 c5 6. Bg2 Bb7 7. dxc5 bxc5 8. O-O
Be7 9. Nc3 O-O 10. Rd1 Qb6 11. Qc2 d6 12. Bf4 Nbd7 13. Rd2 h6 14. Rad1 e5 15.
Be3 Ng4 16. Ne1 Nxe3 17. fxe3 Nf6 18. Bxb7 Qxb7 19. e4 Ng4 20. Ng2 Bg5 21. Rd3
f5 22. Rf3 fxe4 23. Nxe4 Rxf3 24. exf3 Ne3 25. Nxe3 Bxe3+ 26. Kg2 Bd4 27. Nxd6
Qxb2 28. Qxb2 Bxb2 29. Ne4 Rb8 30. Rb1 Rb4 31. a4 Kf7 32. Kf1 Bd4 33. Rxb4 cxb4
34. Nd2 h5 35. Ke2 h4 36. gxh4 Kg6 37. Kd3 Kf5 38. Nb3 Bb6 39. c5 Bc7 40. Ke3 g6
41. Nd2 Bd8 42. Kd3 Kf4 43. c6 Bc7 44. Ke2 Kf5 45. Kd3 Kf4 46. Kc4 Ke3 47. Ne4
Kxf3 48. Ng5+ Ke3 49. Kxb4 e4 50. Kc4 Bxh2 51. Kd5 Bb8 52. Nxe4 Kf4 53. Nf6 Kf5
54. Ng8 Kg4 55. Ne7 Kxh4 56. Nxg6+ Kg5 57. Nf8 Kf5 58. Ne6 1-0

[Event "Unive Open"]
[Site "Hoogeveen NED"]
[Date "2010.10.29"]
[Round "8"]
[White "Naroditsky, Daniel"]
[Black "L'Ami, Alina"]
[Result "1-0"]
[WhiteTitle "FM"]
[BlackTitle "WGM"]
[WhiteElo "2425"]
[BlackElo "2339"]
[WhiteFideId "2026961"]
[BlackFideId "1210246"]
[EventDate "2010.10.22"]

1. e4 c5 2. Nf3 d6 3. d4 cxd4 4. Nxd4 Nf6 5. Nc3 a6 6. f4 e5 7. Nf3 Nbd7 8. a4
Be7 9. Bc4 O-O 10. O-O Qc7 11. Qe2 exf4 12. Bxf4 Ne5 13. Bb3 Bg4 14. Kh1 Rac8
15. Bg5 Qc5 16. Be3 Qb4 17. a5 Rxc3 18. bxc3 Qxe4 19. Qf2 Qg6 20. Nh4 Qh5 21.
Nf5 Bd8 22. Qf4 h6 23. Ng3 Qg6 24. Bb6 Bxb6 25. axb6 Rc8 26. Qd4 Nfd7 27. Bd5
Qxc2 28. Bxb7 Qxc3 29. Qxd6 Rb8 30. Qc7 Qd4 31. Bxa6 Rxb6 32. Be2 Bxe2 33. Nxe2
Qd2 34. Nf4 Ng4 35. Qc1 Qxc1 36. Raxc1 Nge5 37. Rc8+ Kh7 38. Rc7 Rd6 39. h3 g5
40. Nh5 Kg6 41. Ng3 Rd3 42. Nf5 h5 43. Ne7+ Kg7 44. Rc8 f6 45. Nf5+ Kf7 46. Rh8
h4 47. Rh7+ Ke6 48. Ng7+ Kf7 49. Nf5+ Ke6 50. Re7+ Kd5 51. Re1 Rd2 52. Ne3+ Kd6
53. Re8 Nb6 54. Rb1 Ned7 55. Nf5+ Kc7 56. Rc1+ Kb7 57. Re6 Ka6 58. Nd6 Ka5 59.
Ra1+ Kb4 60. Rb1+ Ka5 61. Nb7+ Ka6 62. Nc5+ Nxc5 63. Rexb6+ Ka7 64. Rxf6 Ne4 65.
Rf3 Ra2 66. Kh2 Ng3 67. Rf7+ Ka6 68. Rf6+ Ka7 69. Re1 1-0

[Event "Unive Open"]
[Site "Hoogeveen NED"]
[Date "2010.10.29"]
[Round "8"]
[White "Okkes, Menno"]
[Black "Hendriks, Willy"]
[Result "1/2-1/2"]
[WhiteTitle "FM"]
[BlackTitle "IM"]
[WhiteElo "2378"]
[BlackElo "2424"]
[WhiteFideId "1000756"]
[BlackFideId "1000713"]
[EventDate "2010.10.22"]

1. e4 c5 2. Nf3 Nc6 3. d4 cxd4 4. Nxd4 e5 5. Nb5 d6 6. N1c3 a6 7. Na3 b5 8. Nd5
Nge7 9. c4 Nd4 10. cxb5 Nxd5 11. exd5 Be7 12. bxa6 Qa5+ 13. Qd2 Rxa6 14. Qxa5
Rxa5 15. Bc4 Rxa3 16. bxa3 Nc2+ 17. Kd1 Nxa1 18. Bb2 Bg5 19. Bxa1 Ke7 20. Bc3
Bd7 21. Bd2 Bxd2 22. Kxd2 Rc8 23. Rc1 Kd8 24. Rc3 f5 25. h4 Rc5 26. Bb3 Ra5 27.
Rg3 g6 28. h5 Be8 29. hxg6 hxg6 30. Kc3 Rc5+ 31. Kb4 Rb5+ 32. Kc4 Kc7 33. a4
Rxd5 34. Rh3 Rd4+ 35. Kc3 Bxa4 36. Rh7+ Kb6 37. Bf7 Rf4 38. f3 g5 39. Be6 Bc6
40. Rg7 g4 41. fxg4 Rxg4 42. Rxg4 fxg4 43. Bxg4 Bxg2 44. Kb4 d5 45. a4 Bf1 46.
a5+ Kc6 47. Bc8 d4 48. a6 Kb6 49. a7 Kxa7 50. Kc5 Bg2 51. Bg4 Kb8 52. Kd6 e4 53.
Ke5 Bf3 54. Kxd4 1/2-1/2

[Event "Unive Open"]
[Site "Hoogeveen NED"]
[Date "2010.10.29"]
[Round "8"]
[White "Saravanan, V."]
[Black "Vedder, Henk"]
[Result "1-0"]
[WhiteTitle "IM"]
[WhiteElo "2408"]
[BlackElo "2372"]
[WhiteFideId "5000580"]
[BlackFideId "1002872"]
[EventDate "2010.10.22"]

1. Nf3 Nf6 2. c4 c5 3. Nc3 e6 4. g3 b6 5. Bg2 Bb7 6. O-O d6 7. Re1 Be7 8. e4 O-O
9. d4 cxd4 10. Nxd4 a6 11. e5 dxe5 12. Bxb7 exd4 13. Bxa8 dxc3 14. Qxd8 Rxd8 15.
bxc3 Nbd7 16. Bb7 Nc5 17. Ba3 Rd3 18. Bxa6 Rxc3 19. Bb4 Rc2 20. Bb5 Ng4 21. Red1
Bf6 22. Rac1 Rxa2 23. Rd2 Rxd2 24. Bxd2 Nd3 25. Rc2 Bd4 26. Kg2 h5 27. Bc3 Bc5
28. Ra2 Ngxf2 29. Ra8+ Kh7 30. Be8 Nd1 31. Rd8 N3b2 32. Bxb2 Nxb2 33. Bb5 e5 34.
Kf3 Bd4 35. Ke2 Kg6 36. Rd7 Kf6 37. Kd2 Bg1 38. Kc2 Bxh2 39. Kxb2 Bg1 40. Kc2
Ke6 41. Rb7 g5 42. Be8 f5 43. Bxh5 g4 44. Rg7 e4 45. Kd2 Bf2 46. Ke2 Bxg3 47.
Rg6+ Ke5 48. Rxb6 Kd4 49. Rf6 f4 50. Bxg4 Kxc4 51. Rf8 Kd4 52. Rd8+ Ke5 53. Re8+
Kd4 54. Bf5 f3+ 55. Kd1 Be5 56. Bg4 Bg3 57. Bh5 Bf2 58. Ra8 Ke5 59. Ra4 Kf5 60.
Ra5+ Kf4 61. Ra8 Kg5 62. Rh8 Kf5 63. Kc2 Bd4 64. Rh7 Kf4 65. Kb3 Kg3 66. Rf7 Be5
67. Re7 Kf4 68. Kc4 Bf6 69. Re6 Kg5 70. Kd5 Bc3 71. Be8 1-0

[Event "Unive Open"]
[Site "Hoogeveen NED"]
[Date "2010.10.29"]
[Round "8"]
[White "Caspi, Israel"]
[Black "Warmelink, Evie"]
[Result "1-0"]
[WhiteTitle "IM"]
[WhiteElo "2457"]
[BlackElo "1977"]
[WhiteFideId "2807394"]
[BlackFideId "1028154"]
[EventDate "2010.10.22"]

1. e4 c5 2. Nf3 e6 3. d4 cxd4 4. Nxd4 Nf6 5. Nc3 d6 6. Be3 Be7 7. f3 O-O 8. Qd2
Nc6 9. O-O-O a6 10. g4 Nd7 11. h4 Nde5 12. Qf2 b5 13. Kb1 Rb8 14. Nxc6 Nxc6 15.
g5 Qa5 16. f4 b4 17. Ne2 Bd7 18. Nc1 Rfc8 19. Nb3 Qc7 20. Bxa6 Re8 21. h5 Ra8
22. Bb6 Qb8 23. Be2 Qb7 24. g6 Reb8 25. gxf7+ Kh8 26. Be3 Rf8 27. Bc4 Rxf7 28.
Qd2 Na5 29. Nxa5 Rxa5 30. h6 Qxe4 31. hxg7+ Rxg7 32. Bd4 e5 33. fxe5 dxe5 34.
Bb6 Bg5 35. Qd6 Qxc4 36. Bxa5 1-0

[Event "Unive Open"]
[Site "Hoogeveen NED"]
[Date "2010.10.29"]
[Round "8"]
[White "Ris, Robert"]
[Black "Pijpers, Arthur"]
[Result "1-0"]
[WhiteTitle "IM"]
[WhiteElo "2416"]
[BlackElo "2248"]
[WhiteFideId "1011480"]
[BlackFideId "1019554"]
[EventDate "2010.10.22"]

1. d4 d5 2. c4 c6 3. Nf3 Nf6 4. g3 Bg4 5. Bg2 e6 6. O-O Nbd7 7. Nbd2 Be7 8. b3
O-O 9. Bb2 b5 10. h3 Bh5 11. g4 Bg6 12. Nh4 Qb8 13. Nxg6 hxg6 14. Qc2 Rc8 15. c5
g5 16. e3 Nh7 17. f4 Nhf8 18. Rf2 Ng6 19. Raf1 Rf8 20. Bc1 Nh4 21. Bh1 b4 22.
Nf3 Nxf3+ 23. Bxf3 a5 24. Rh2 Ra7 25. Kg2 Qa8 26. h4 gxf4 27. exf4 a4 28. Kg3
axb3 29. axb3 Qb7 30. g5 Rfa8 31. h5 f5 32. Qe2 Nf8 33. h6 Bd8 34. Rfh1 Qf7 35.
hxg7 Qxg7 36. Rh6 Ra2 37. Qe3 Bc7 38. R1h5 Re8 39. Qg1 Ng6 40. Rh7 Qxh7 41. Rxh7
Kxh7 42. Qh1+ Kg8 43. Qh5 Kg7 44. Qh6+ 1-0

[Event "Unive Open"]
[Site "Hoogeveen NED"]
[Date "2010.10.29"]
[Round "8"]
[White "Timmermans, Ivo"]
[Black "Slingerland, Fred"]
[Result "0-1"]
[BlackTitle "IM"]
[WhiteElo "2209"]
[BlackElo "2411"]
[WhiteFideId "1002910"]
[BlackFideId "1002473"]
[EventDate "2010.10.22"]

1. e4 c5 2. Nf3 Nc6 3. d4 cxd4 4. Nxd4 Nf6 5. Nc3 d6 6. Bg5 e6 7. Qd2 a6 8.
O-O-O Bd7 9. f4 b5 10. Bxf6 gxf6 11. Kb1 Qb6 12. Nxc6 Bxc6 13. f5 h5 14. Qe1
O-O-O 15. Qh4 Be7 16. fxe6 fxe6 17. Bd3 Qc5 18. Rhf1 Kb7 19. Ne2 Rdg8 20. Nf4
Qe5 21. Rf3 Rg4 22. Qf2 Bd8 23. Rf1 Bb6 24. Qe2 Rhg8 25. Rg3 Rxg3 26. hxg3 Rg5
27. a4 bxa4 28. Bxa6+ Ka7 29. Bc8 Bb5 30. c4 Bc6 31. Bxe6 Bxe4+ 32. Ka2 a3 33.
Bd5 Bxd5 34. cxd5 Rxg3 35. Qxe5 fxe5 36. Nxh5 Rxg2 37. Kxa3 Rd2 38. Rf7+ Ka6 39.
Rd7 Rxd5 40. Nf6 Rd4 41. Ne8 Bc5+ 42. Kb3 Kb6 43. Nf6 Kc6 44. Re7 Rf4 45. Nh5
Rb4+ 46. Kc3 Rh4 47. Nf6 Bd4+ 48. Kb3 Rh2 49. Kc4 Rc2+ 50. Kd3 Rxb2 51. Re8 Rf2
52. Rc8+ Kb7 53. Rf8 d5 54. Rf7+ Kc6 55. Rf8 Rf3+ 56. Ke2 e4 57. Nh7 Rh3 58. Ng5
Rh2+ 59. Kf1 Be3 60. Ne6 d4 0-1

[Event "Unive Open"]
[Site "Hoogeveen NED"]
[Date "2010.10.29"]
[Round "8"]
[White "Tondivar, Babak"]
[Black "De Jong, Migchiel"]
[Result "1-0"]
[WhiteTitle "FM"]
[BlackTitle "FM"]
[WhiteElo "2302"]
[BlackElo "2397"]
[WhiteFideId "12501239"]
[BlackFideId "1002848"]
[EventDate "2010.10.22"]

1. d4 e6 2. c4 Bb4+ 3. Bd2 a5 4. g3 d6 5. Bg2 e5 6. d5 Bxd2+ 7. Qxd2 Nf6 8. e4
O-O 9. Ne2 c6 10. dxc6 bxc6 11. Nbc3 Be6 12. Rd1 Bxc4 13. Qxd6 Qb6 14. b3 Bxe2
15. Nxe2 Na6 16. O-O Rfd8 17. Qxe5 Rxd1 18. Rxd1 Qxf2+ 19. Kxf2 Ng4+ 20. Kf3
Nxe5+ 21. Ke3 Nb4 22. Nc3 Kf8 23. Bf3 Ke7 24. Rd2 f6 25. Be2 Rd8 26. a3 Nbd3 27.
Bxd3 Ng4+ 28. Ke2 Nxh2 29. Bc4 Rb8 30. Nd1 Ng4 31. Kd3 h5 32. Kc3 Rh8 33. Be2
Ne5 34. Ne3 g6 35. Nc4 Nxc4 36. Kxc4 h4 37. gxh4 Rxh4 38. Kc5 Rxe4 39. Bf3 Rf4
40. Bxc6 g5 41. b4 axb4 42. axb4 Rf1 43. Re2+ Kf7 44. b5 Rc1+ 45. Kd6 Rb1 46.
Kc7 f5 47. b6 g4 48. Re5 1-0

[Event "Unive Open"]
[Site "Hoogeveen NED"]
[Date "2010.10.29"]
[Round "8"]
[White "Raznikov, Danny"]
[Black "Archangelsky, Mikhail"]
[Result "1-0"]
[WhiteTitle "FM"]
[BlackTitle "IM"]
[WhiteElo "2354"]
[BlackElo "2212"]
[WhiteFideId "2811154"]
[BlackFideId "4117573"]
[EventDate "2010.10.22"]

1. d4 d5 2. c4 c6 3. Nf3 Nf6 4. e3 Bg4 5. Qb3 Qb6 6. Nc3 Bxf3 7. gxf3 e6 8. e4
Bb4 9. exd5 cxd5 10. c5 Qa5 11. a3 Nc6 12. Ra2 Bxc3+ 13. Qxc3 Qxc3+ 14. bxc3
O-O-O 15. Be3 Rhe8 16. Bh3 Rd7 17. O-O Na5 18. Rb2 Nc4 19. Rb3 Nxe3 20. fxe3 Rc7
21. Rfb1 Ree7 22. a4 Rc6 23. Kf2 Kb8 24. Bf1 a6 25. Be2 g6 26. Rb4 Kc8 27. Bd1
Rd7 28. a5 Re7 29. Ba4 Rcc7 30. c6 bxc6 31. Rb6 Rb7 32. Bxc6 Rxb6 33. axb6 Nd7
34. e4 dxe4 35. Bxe4 f5 36. Bc6 Nb8 37. Ba4 Kb7 38. c4 Nc6 39. Bxc6+ Kxc6 40. c5
Re8 41. f4 a5 42. Ke3 a4 43. Ra1 Ra8 44. Ra3 Kd5 45. h4 h6 46. Kd3 g5 47. hxg5
hxg5 48. fxg5 e5 49. dxe5 Kxc5 50. b7 Rb8 51. Rxa4 Rxb7 52. Ke3 Rb1 53. g6 Kd5
54. g7 Rg1 55. Kf4 Rxg7 56. Ra5+ Ke6 57. Ra6+ Ke7 58. Ra7+ Kf8 59. Ra8+ Ke7 60.
Ra7+ Kf8 61. Ra6 Rf7 62. Kg5 f4 63. e6 Rb7 64. Kf6 Rb8 65. Ra4 f3 66. Rh4 Kg8
67. Rg4+ Kh7 68. Rh4+ Kg8 69. Rg4+ Kh7 70. Kf7 Kh6 71. Rf4 Rb3 72. Rf5 Re3 73.
e7 1-0

[Event "Unive Open"]
[Site "Hoogeveen NED"]
[Date "2010.10.29"]
[Round "8"]
[White "Goudriaan, Etienne"]
[Black "Kollen, Zyon"]
[Result "1-0"]
[WhiteElo "2253"]
[BlackElo "2046"]
[WhiteFideId "1021150"]
[BlackFideId "1024256"]
[EventDate "2010.10.22"]

1. d4 Nf6 2. c4 e6 3. Nc3 Bb4 4. Bg5 b6 5. e4 Bb7 6. Bd3 h6 7. Bxf6 Qxf6 8. Ne2
Nc6 9. e5 Qh4 10. Bc2 Na5 11. Qd3 Bxg2 12. Rg1 Qxh2 13. O-O-O Bxc3 14. Qxc3 Bb7
15. b4 Qxf2 16. Ng3 Qf4+ 17. Kb1 Nc6 18. Nh5 Qh2 19. Nxg7+ Kd8 20. Be4 Rb8 21.
Qf3 Nxb4 22. Nxe6+ dxe6 23. Qf6+ Kc8 24. Bxb7+ Kxb7 25. Qf3+ c6 26. Rg2 Qh4 27.
Qxf7+ Ka6 28. Rg7 Qe4+ 29. Ka1 Ra8 30. a3 Nc2+ 31. Kb2 Ne3 32. Qb7+ Ka5 33.
Qxa7+ 1-0

[Event "Unive Open"]
[Site "Hoogeveen NED"]
[Date "2010.10.29"]
[Round "8"]
[White "De Graaf, Dick"]
[Black "Bijlsma, Nick"]
[Result "0-1"]
[WhiteElo "2225"]
[BlackElo "2138"]
[WhiteFideId "1005677"]
[BlackFideId "1007041"]
[EventDate "2010.10.22"]

1. e4 c5 2. Nf3 d6 3. d4 cxd4 4. Nxd4 Nf6 5. Nc3 Nc6 6. Bg5 Bd7 7. Qd2 Rc8 8.
O-O-O Nxd4 9. Qxd4 Qa5 10. Bxf6 gxf6 11. Kb1 Qc5 12. Qd2 Bg7 13. Bd3 b5 14. e5
fxe5 15. Be4 Be6 16. Bb7 Rc7 17. Ne4 Qb6 18. Qg5 O-O 19. Bd5 Bxd5 20. Rxd5 Qc6
21. Qd2 e6 0-1

[Event "Unive Open"]
[Site "Hoogeveen NED"]
[Date "2010.10.29"]
[Round "8"]
[White "Hendriks, Peter"]
[Black "Mellema, Andries"]
[Result "0-1"]
[WhiteElo "2082"]
[BlackElo "2153"]
[WhiteFideId "1009516"]
[BlackFideId "1011464"]
[EventDate "2010.10.22"]

1. d4 Nf6 2. c4 c5 3. d5 b5 4. cxb5 a6 5. bxa6 g6 6. Nc3 Bxa6 7. Nf3 d6 8. e4
Bxf1 9. Kxf1 Nbd7 10. h3 Bg7 11. Kg1 O-O 12. Kh2 Qa5 13. Re1 Rfb8 14. Re2 Ne8
15. Rc2 Nc7 16. Be3 Na6 17. Qe2 Nb4 18. Rd2 Nb6 19. a3 Qa6 20. axb4 Qxa1 21.
bxc5 dxc5 22. Bxc5 Rb7 23. e5 Qa6 24. e6 Qxe2 25. exf7+ Kxf7 26. Ng5+ Kg8 27.
Nxe2 Nc4 28. Rc2 Nxb2 29. Ne6 Bf6 30. g4 Nd3 31. Bd4 Rd7 32. Rc3 Bxd4 33. N2xd4
Nxf2 34. Re3 Nd1 35. Re5 Nc3 36. Nf4 Ra2+ 37. Kg3 Rd2 38. Nc6 Kf7 39. Nb4 Rd4
40. Nc6 Rd2 41. Nb4 h6 42. Re3 g5 43. Nfd3 Nxd5 44. Rf3+ Kg7 45. Nc6 Nc3 0-1

[Event "Unive Open"]
[Site "Hoogeveen NED"]
[Date "2010.10.29"]
[Round "8"]
[White "Slingerland, Caroline"]
[Black "Hoffman, Ron"]
[Result "1-0"]
[WhiteTitle "WFM"]
[WhiteElo "2081"]
[BlackElo "2123"]
[WhiteFideId "1002732"]
[BlackFideId "1007599"]
[EventDate "2010.10.22"]

1. e4 g6 2. d4 Bg7 3. Be3 c5 4. Nc3 cxd4 5. Bxd4 Bxd4 6. Qxd4 Nf6 7. e5 Nc6 8.
Qf4 Nh5 9. Qe3 O-O 10. O-O-O Qa5 11. Rd5 Qb6 12. Qd2 f6 13. g4 Ng7 14. exf6 Rxf6
15. Ne4 Rf8 16. Nh3 e6 17. Rd3 Ne5 18. Rg3 d5 19. Qh6 Ne8 20. Neg5 Qc7 21. f4
Nc6 22. Bd3 Qg7 23. Qh4 Bd7 24. Rf1 Nd6 25. Re3 Rae8 26. Rfe1 Nd8 27. Nf3 Ne4
28. Bxe4 dxe4 29. Nfg5 Bc6 30. Nxe4 Bd5 31. Nc3 Bg2 32. Ne4 Bxh3 33. Qxh3 Rxf4
34. g5 Ref8 35. Nf6+ Kh8 36. Re4 Rxe4 37. Rxe4 h5 38. Rh4 Rxf6 39. gxf6 Qxf6 40.
Re4 Kg7 41. Qe3 Nc6 42. Rxe6 Qf1+ 43. Kd2 Qg2+ 44. Kc3 Qxh2 45. b4 Qh4 46. a3 a6
47. Re4 Qf6+ 48. Kb3 Qa1 49. c4 Qb1+ 50. Kc3 Qa1+ 51. Kd2 Qb2+ 52. Ke1 Qc2 53.
Kf1 Qa2 54. Kg1 Qc2 55. Rf4 Qb2 56. Qf2 Qa1+ 57. Kg2 Ne5 58. Qd4 Qxd4 59. Rxd4
Kf6 60. b5 axb5 61. cxb5 Ke6 62. a4 Nd7 63. a5 Nc5 64. Rd8 Ke7 65. Rd5 Ne6 66.
Re5 Kd6 67. Rxe6+ 1-0